Critical appraisal from papers to patient : a practical guide (Record no. 28779)

MARC details
000 -LEADER
fixed length control field 00535nam a2200181Ia 4500
020 ## - INTERNATIONAL STANDARD BOOK NUMBER
ISBN 9781482230451
050 ## - CALL MARK
Classification number R 723.7 .B66/
100 ## - STATEMENT OF RESPONSIBILITY--MAIN AUTHOR NAME
Personal name Bootland, Dunca... [et al.]
245 #0 - TITLE STATEMENT
Title Critical appraisal from papers to patient : a practical guide
260 ## - PUBLICATION, DISTRIBUTION, ETC. (IMPRINT)
Place of publication New York
260 ## - PUBLICATION, DISTRIBUTION, ETC. (IMPRINT)
Name of publisher CRC Press Taylor & Francis Group
260 ## - PUBLICATION, DISTRIBUTION, ETC. (IMPRINT)
Year of publication 2017
300 ## - PHYSICAL DESCRIPTION
Number of Pages 201 p
650 ## - SUBJECT ADDED ENTRY--TOPICAL TERM
Topical Term Evidence-Based Medicine Test Taking Skills Statistics as Topic
942 ## - ADDED ENTRY ELEMENTS (KOHA)
Koha item type Books
Holdings
Withdrawn status Lost status Source of classification or shelving scheme Damaged status Not for loan Permanent Location Current Location Shelving location Date acquired Accession Number Price effective from Koha item type
    Library of Congress Classification     NILE UNIVERSITY OF NIGERIA - MAIN LIBRARY NILE UNIVERSITY OF NIGERIA - MAIN LIBRARY Items on shelf 04/23/2025 0193960 04/23/2025 Books